<?xml version="1.0" encoding="UTF-8"?>
<record
    xmlns:xsi="http://www.w3.org/2001/XMLSchema-instance"
    xsi:schemaLocation="http://www.loc.gov/MARC21/slim http://www.loc.gov/standards/marcxml/schema/MARC21slim.xsd"
    xmlns="http://www.loc.gov/MARC21/slim">

  <leader>04910cam a22007217a 4500</leader>
  <controlfield tag="003">CHAP</controlfield>
  <controlfield tag="005">20220817043854.0</controlfield>
  <controlfield tag="008">021129d2002    mx bd   rs   o00110 spa d</controlfield>
  <datafield tag="010" ind1=" " ind2=" ">
    <subfield code="a">86707</subfield>
  </datafield>
  <datafield tag="011" ind1=" " ind2=" ">
    <subfield code="a">87679</subfield>
  </datafield>
  <datafield tag="020" ind1=" " ind2=" ">
    <subfield code="a">9701339940</subfield>
  </datafield>
  <datafield tag="035" ind1=" " ind2=" ">
    <subfield code="a">98223</subfield>
  </datafield>
  <datafield tag="040" ind1=" " ind2=" ">
    <subfield code="c">CHAP</subfield>
  </datafield>
  <datafield tag="082" ind1="0" ind2="4">
    <subfield code="a">338.972</subfield>
    <subfield code="b">I59 2001 Gro.</subfield>
  </datafield>
  <datafield tag="110" ind1="2" ind2=" ">
    <subfield code="a">Instituto Nacional de Estad&#xED;stica, Geograf&#xED;a e Inform&#xE1;tica. M&#xE9;xico</subfield>
    <subfield code="9">59304</subfield>
  </datafield>
  <datafield tag="245" ind1="1" ind2="0">
    <subfield code="a">Cuaderno estad&#xED;stico municipal 2001 :</subfield>
    <subfield code="b">Guerrero</subfield>
    <subfield code="c">/por Instituto Nacional de Estad&#xED;stica, Geograf&#xED;a e Inform&#xE1;tica</subfield>
  </datafield>
  <datafield tag="260" ind1=" " ind2=" ">
    <subfield code="a">Aguascalientes, Ags. :</subfield>
    <subfield code="b">Instituto Nacional de Estad&#xED;stica, Geograf&#xED;a e Inform&#xE1;tica,</subfield>
    <subfield code="c">2002-</subfield>
  </datafield>
  <datafield tag="300" ind1=" " ind2=" ">
    <subfield code="a">v. :</subfield>
    <subfield code="b">gr&#xE1;fs. ; mapas ; cuadros</subfield>
  </datafield>
  <datafield tag="500" ind1=" " ind2=" ">
    <subfield code="a">La biblioteca tiene : v.1 Ahuacuotzingo -- v.2 Ajuchitl&#xE1;n del Progreso -- v.3 Atenango del R&#xED;o -- v.4 Atoyac de &#xC1;lvarez -- v.5 Ayutla de los Libres -- v.6 Azoy&#xFA; -- v.7 Buenavista de Cu&#xE9;llar -- v.8 Coyuca de Ben&#xED;tez -- v.9 Coyuca de Catal&#xE1;n -- v.10 Cuajinicuilapa -- v.11 Chilapa de &#xC1;lvarez -- v.12 Chilpancingo de los Bravo -- v.13 Eduardo Neri -- v.14 Florencio Villarreal -- v.15 Huitzuco de los Figueroa -- v.16 Iguala de la Independencia -- v.17 Jos&#xE9; Azueta -- v.18 Leonardo Bravo -- v.19 Pedro Ascencio Alquisiras -- v.20 Petatl&#xE1;n -- v.21 Pungarabato -- v.22 Quechultenango -- v.23 San Luis Acatl&#xE1;n -- v.24 San Marcos -- v.25 San Miguel Totolapan -- v.26 Taxco de Alarc&#xF3;n -- v.27 Tecoanapa -- v.28 Tepecoacuilco de Trujano -- v.29 Tlapa de Comonfort</subfield>
  </datafield>
  <datafield tag="590" ind1=" " ind2=" ">
    <subfield code="a">BATCH-UPD</subfield>
    <subfield code="b">10</subfield>
    <subfield code="c">20130110</subfield>
    <subfield code="l">UCH01</subfield>
    <subfield code="h">0015</subfield>
  </datafield>
  <datafield tag="590" ind1=" " ind2=" ">
    <subfield code="a">BATCH-UPD</subfield>
    <subfield code="b">10</subfield>
    <subfield code="c">20130110</subfield>
    <subfield code="l">UCH01</subfield>
    <subfield code="h">1505</subfield>
  </datafield>
  <datafield tag="590" ind1=" " ind2=" ">
    <subfield code="a">BATCH-UPD</subfield>
    <subfield code="b">10</subfield>
    <subfield code="c">20130410</subfield>
    <subfield code="l">UCH01</subfield>
    <subfield code="h">0924</subfield>
  </datafield>
  <datafield tag="590" ind1=" " ind2=" ">
    <subfield code="a">BATCH-UPD</subfield>
    <subfield code="b">10</subfield>
    <subfield code="c">20130914</subfield>
    <subfield code="l">UCH01</subfield>
    <subfield code="h">1503</subfield>
  </datafield>
  <datafield tag="590" ind1=" " ind2=" ">
    <subfield code="a">CONVERSION</subfield>
    <subfield code="b">10</subfield>
    <subfield code="c">20130109</subfield>
    <subfield code="l">UCH01</subfield>
    <subfield code="h">1348</subfield>
  </datafield>
  <datafield tag="650" ind1="1" ind2="4">
    <subfield code="a">Agricultura</subfield>
    <subfield code="x">Estadisticas</subfield>
    <subfield code="z">Guerrero.</subfield>
    <subfield code="9">1453</subfield>
  </datafield>
  <datafield tag="650" ind1="1" ind2="4">
    <subfield code="a">Ganader&#xED;a</subfield>
    <subfield code="x">Estad&#xED;sticas</subfield>
    <subfield code="z">Guerrero.</subfield>
    <subfield code="9">44712</subfield>
  </datafield>
  <datafield tag="650" ind1="1" ind2="4">
    <subfield code="a">Guerrero</subfield>
    <subfield code="x">Condiciones econ&#xF3;micas.</subfield>
  </datafield>
  <datafield tag="650" ind1="1" ind2="4">
    <subfield code="a">Guerrero</subfield>
    <subfield code="x">Condiciones sociales.</subfield>
    <subfield code="9">51181</subfield>
  </datafield>
  <datafield tag="650" ind1="1" ind2="4">
    <subfield code="a">Guerrero</subfield>
    <subfield code="x">Estad&#xED;sticas.</subfield>
    <subfield code="9">51184</subfield>
  </datafield>
  <datafield tag="650" ind1="1" ind2="4">
    <subfield code="a">M&#xE9;xico</subfield>
    <subfield code="x">Municipios.</subfield>
    <subfield code="9">76781</subfield>
  </datafield>
  <datafield tag="901" ind1=" " ind2=" ">
    <subfield code="a">BK</subfield>
  </datafield>
  <datafield tag="905" ind1=" " ind2=" ">
    <subfield code="a">Marco A. Mendoza T.</subfield>
  </datafield>
  <datafield tag="942" ind1=" " ind2=" ">
    <subfield code="c">LIBRO</subfield>
  </datafield>
  <datafield tag="949" ind1=" " ind2=" ">
    <subfield code="a">338.972 I59 2001 Gro.</subfield>
    <subfield code="b">BC</subfield>
    <subfield code="c">INEGI</subfield>
    <subfield code="d">33724000886156</subfield>
    <subfield code="e">INEGI</subfield>
    <subfield code="f">v.1</subfield>
    <subfield code="h">103422</subfield>
    <subfield code="i">98223</subfield>
    <subfield code="s">b</subfield>
  </datafield>
  <datafield tag="949" ind1=" " ind2=" ">
    <subfield code="a">338.972 I59 2001 Gro.</subfield>
    <subfield code="b">BC</subfield>
    <subfield code="c">INEGI</subfield>
    <subfield code="d">33724000886164</subfield>
    <subfield code="e">INEGI</subfield>
    <subfield code="f">v.2</subfield>
    <subfield code="h">103423</subfield>
    <subfield code="i">98223</subfield>
    <subfield code="s">b</subfield>
  </datafield>
  <datafield tag="949" ind1=" " ind2=" ">
    <subfield code="a">338.972 I59 2001 Gro.</subfield>
    <subfield code="b">BC</subfield>
    <subfield code="c">INEGI</subfield>
    <subfield code="d">33724000886172</subfield>
    <subfield code="e">INEGI</subfield>
    <subfield code="f">v.3</subfield>
    <subfield code="h">103424</subfield>
    <subfield code="i">98223</subfield>
    <subfield code="s">b</subfield>
  </datafield>
  <datafield tag="949" ind1=" " ind2=" ">
    <subfield code="a">338.972 I59 2001 Gro.</subfield>
    <subfield code="b">BC</subfield>
    <subfield code="c">INEGI</subfield>
    <subfield code="d">33724000886180</subfield>
    <subfield code="e">INEGI</subfield>
    <subfield code="f">v.4</subfield>
    <subfield code="h">103425</subfield>
    <subfield code="i">98223</subfield>
    <subfield code="s">b</subfield>
  </datafield>
  <datafield tag="949" ind1=" " ind2=" ">
    <subfield code="a">338.972 I59 2001 Gro.</subfield>
    <subfield code="b">BC</subfield>
    <subfield code="c">INEGI</subfield>
    <subfield code="d">33724000886198</subfield>
    <subfield code="e">INEGI</subfield>
    <subfield code="f">v.5</subfield>
    <subfield code="h">103426</subfield>
    <subfield code="i">98223</subfield>
    <subfield code="s">b</subfield>
  </datafield>
  <datafield tag="949" ind1=" " ind2=" ">
    <subfield code="a">338.972 I59 2001 Gro.</subfield>
    <subfield code="b">BC</subfield>
    <subfield code="c">INEGI</subfield>
    <subfield code="d">33724000886206</subfield>
    <subfield code="e">INEGI</subfield>
    <subfield code="f">v.6</subfield>
    <subfield code="h">103427</subfield>
    <subfield code="i">98223</subfield>
    <subfield code="s">b</subfield>
  </datafield>
  <datafield tag="949" ind1=" " ind2=" ">
    <subfield code="a">338.972 I59 2001 Gro.</subfield>
    <subfield code="b">BC</subfield>
    <subfield code="c">INEGI</subfield>
    <subfield code="d">33724000886214</subfield>
    <subfield code="e">INEGI</subfield>
    <subfield code="f">v.7</subfield>
    <subfield code="h">103428</subfield>
    <subfield code="i">98223</subfield>
    <subfield code="s">b</subfield>
  </datafield>
  <datafield tag="949" ind1=" " ind2=" ">
    <subfield code="a">338.972 I59 2001 Gro.</subfield>
    <subfield code="b">BC</subfield>
    <subfield code="c">INEGI</subfield>
    <subfield code="d">33724000886222</subfield>
    <subfield code="e">INEGI</subfield>
    <subfield code="f">v.8</subfield>
    <subfield code="h">103429</subfield>
    <subfield code="i">98223</subfield>
    <subfield code="s">b</subfield>
  </datafield>
  <datafield tag="949" ind1=" " ind2=" ">
    <subfield code="a">338.972 I59 2001 Gro.</subfield>
    <subfield code="b">BC</subfield>
    <subfield code="c">INEGI</subfield>
    <subfield code="d">33724000886230</subfield>
    <subfield code="e">INEGI</subfield>
    <subfield code="f">v.10</subfield>
    <subfield code="h">103431</subfield>
    <subfield code="i">98223</subfield>
    <subfield code="s">b</subfield>
  </datafield>
  <datafield tag="949" ind1=" " ind2=" ">
    <subfield code="a">338.972 I59 2001 Gro.</subfield>
    <subfield code="b">BC</subfield>
    <subfield code="c">INEGI</subfield>
    <subfield code="d">33724000886248</subfield>
    <subfield code="e">INEGI</subfield>
    <subfield code="f">v.9</subfield>
    <subfield code="h">103430</subfield>
    <subfield code="i">98223</subfield>
    <subfield code="s">b</subfield>
  </datafield>
  <datafield tag="949" ind1=" " ind2=" ">
    <subfield code="a">338.972 I59 2001 Gro.</subfield>
    <subfield code="b">BC</subfield>
    <subfield code="c">INEGI</subfield>
    <subfield code="d">33724000886255</subfield>
    <subfield code="e">INEGI</subfield>
    <subfield code="f">v.11</subfield>
    <subfield code="h">103432</subfield>
    <subfield code="i">98223</subfield>
    <subfield code="s">b</subfield>
  </datafield>
  <datafield tag="949" ind1=" " ind2=" ">
    <subfield code="a">338.972 I59 2001 Gro.</subfield>
    <subfield code="b">BC</subfield>
    <subfield code="c">INEGI</subfield>
    <subfield code="d">33724000886263</subfield>
    <subfield code="e">INEGI</subfield>
    <subfield code="f">v.12</subfield>
    <subfield code="h">103433</subfield>
    <subfield code="i">98223</subfield>
    <subfield code="s">b</subfield>
  </datafield>
  <datafield tag="949" ind1=" " ind2=" ">
    <subfield code="a">338.972 I59 2001 Gro.</subfield>
    <subfield code="b">BC</subfield>
    <subfield code="c">INEGI</subfield>
    <subfield code="d">33724000886271</subfield>
    <subfield code="e">INEGI</subfield>
    <subfield code="f">v.13</subfield>
    <subfield code="h">103434</subfield>
    <subfield code="i">98223</subfield>
    <subfield code="s">b</subfield>
  </datafield>
  <datafield tag="949" ind1=" " ind2=" ">
    <subfield code="a">338.972 I59 2001 Gro.</subfield>
    <subfield code="b">BC</subfield>
    <subfield code="c">INEGI</subfield>
    <subfield code="d">33724000886289</subfield>
    <subfield code="e">INEGI</subfield>
    <subfield code="f">v.14</subfield>
    <subfield code="h">103435</subfield>
    <subfield code="i">98223</subfield>
    <subfield code="s">b</subfield>
  </datafield>
  <datafield tag="949" ind1=" " ind2=" ">
    <subfield code="a">338.972 I59 2001 Gro.</subfield>
    <subfield code="b">BC</subfield>
    <subfield code="c">INEGI</subfield>
    <subfield code="d">33724000886297</subfield>
    <subfield code="e">INEGI</subfield>
    <subfield code="f">v.15</subfield>
    <subfield code="h">103436</subfield>
    <subfield code="i">98223</subfield>
    <subfield code="s">b</subfield>
  </datafield>
  <datafield tag="949" ind1=" " ind2=" ">
    <subfield code="a">338.972 I59 2001 Gro.</subfield>
    <subfield code="b">BC</subfield>
    <subfield code="c">INEGI</subfield>
    <subfield code="d">33724000886305</subfield>
    <subfield code="e">INEGI</subfield>
    <subfield code="f">v.16</subfield>
    <subfield code="h">103437</subfield>
    <subfield code="i">98223</subfield>
    <subfield code="s">b</subfield>
  </datafield>
  <datafield tag="949" ind1=" " ind2=" ">
    <subfield code="a">338.972 I59 2001 Gro.</subfield>
    <subfield code="b">BC</subfield>
    <subfield code="c">INEGI</subfield>
    <subfield code="d">33724000886313</subfield>
    <subfield code="e">INEGI</subfield>
    <subfield code="f">v.17</subfield>
    <subfield code="h">103438</subfield>
    <subfield code="i">98223</subfield>
    <subfield code="s">b</subfield>
  </datafield>
  <datafield tag="949" ind1=" " ind2=" ">
    <subfield code="a">338.972 I59 2001 Gro.</subfield>
    <subfield code="b">BC</subfield>
    <subfield code="c">INEGI</subfield>
    <subfield code="d">33724000886321</subfield>
    <subfield code="e">INEGI</subfield>
    <subfield code="f">v.18</subfield>
    <subfield code="h">103439</subfield>
    <subfield code="i">98223</subfield>
    <subfield code="s">b</subfield>
  </datafield>
  <datafield tag="949" ind1=" " ind2=" ">
    <subfield code="a">338.972 I59 2001 Gro.</subfield>
    <subfield code="b">BC</subfield>
    <subfield code="c">INEGI</subfield>
    <subfield code="d">33724000886339</subfield>
    <subfield code="e">INEGI</subfield>
    <subfield code="f">v.19</subfield>
    <subfield code="h">103440</subfield>
    <subfield code="i">98223</subfield>
    <subfield code="s">b</subfield>
  </datafield>
  <datafield tag="949" ind1=" " ind2=" ">
    <subfield code="a">338.972 I59 2001 Gro.</subfield>
    <subfield code="b">BC</subfield>
    <subfield code="c">INEGI</subfield>
    <subfield code="d">33724000886347</subfield>
    <subfield code="e">INEGI</subfield>
    <subfield code="f">v.20</subfield>
    <subfield code="h">103441</subfield>
    <subfield code="i">98223</subfield>
    <subfield code="s">b</subfield>
  </datafield>
  <datafield tag="949" ind1=" " ind2=" ">
    <subfield code="a">338.972 I59 2001 Gro.</subfield>
    <subfield code="b">BC</subfield>
    <subfield code="c">INEGI</subfield>
    <subfield code="d">33724000886354</subfield>
    <subfield code="e">INEGI</subfield>
    <subfield code="f">v.21</subfield>
    <subfield code="h">103442</subfield>
    <subfield code="i">98223</subfield>
    <subfield code="s">b</subfield>
  </datafield>
  <datafield tag="949" ind1=" " ind2=" ">
    <subfield code="a">338.972 I59 2001 Gro.</subfield>
    <subfield code="b">BC</subfield>
    <subfield code="c">INEGI</subfield>
    <subfield code="d">33724000886362</subfield>
    <subfield code="e">INEGI</subfield>
    <subfield code="f">v.22</subfield>
    <subfield code="h">103443</subfield>
    <subfield code="i">98223</subfield>
    <subfield code="s">b</subfield>
  </datafield>
  <datafield tag="949" ind1=" " ind2=" ">
    <subfield code="a">338.972 I59 2001 Gro.</subfield>
    <subfield code="b">BC</subfield>
    <subfield code="c">INEGI</subfield>
    <subfield code="d">33724000886370</subfield>
    <subfield code="e">INEGI</subfield>
    <subfield code="f">v.23</subfield>
    <subfield code="h">103444</subfield>
    <subfield code="i">98223</subfield>
    <subfield code="s">b</subfield>
  </datafield>
  <datafield tag="949" ind1=" " ind2=" ">
    <subfield code="a">338.972 I59 2001 Gro.</subfield>
    <subfield code="b">BC</subfield>
    <subfield code="c">INEGI</subfield>
    <subfield code="d">33724000886388</subfield>
    <subfield code="e">INEGI</subfield>
    <subfield code="f">v.24</subfield>
    <subfield code="h">103445</subfield>
    <subfield code="i">98223</subfield>
    <subfield code="s">b</subfield>
  </datafield>
  <datafield tag="949" ind1=" " ind2=" ">
    <subfield code="a">338.972 I59 2001 Gro.</subfield>
    <subfield code="b">BC</subfield>
    <subfield code="c">INEGI</subfield>
    <subfield code="d">33724000886396</subfield>
    <subfield code="e">INEGI</subfield>
    <subfield code="f">v.25</subfield>
    <subfield code="h">103446</subfield>
    <subfield code="i">98223</subfield>
    <subfield code="s">b</subfield>
  </datafield>
  <datafield tag="949" ind1=" " ind2=" ">
    <subfield code="a">338.972 I59 2001 Gro.</subfield>
    <subfield code="b">BC</subfield>
    <subfield code="c">INEGI</subfield>
    <subfield code="d">33724000886404</subfield>
    <subfield code="e">INEGI</subfield>
    <subfield code="f">v.26</subfield>
    <subfield code="h">103447</subfield>
    <subfield code="i">98223</subfield>
    <subfield code="s">b</subfield>
  </datafield>
  <datafield tag="949" ind1=" " ind2=" ">
    <subfield code="a">338.972 I59 2001 Gro.</subfield>
    <subfield code="b">BC</subfield>
    <subfield code="c">INEGI</subfield>
    <subfield code="d">33724000886412</subfield>
    <subfield code="e">INEGI</subfield>
    <subfield code="f">v.27</subfield>
    <subfield code="h">103448</subfield>
    <subfield code="i">98223</subfield>
    <subfield code="s">b</subfield>
  </datafield>
  <datafield tag="949" ind1=" " ind2=" ">
    <subfield code="a">338.972 I59 2001 Gro.</subfield>
    <subfield code="b">BC</subfield>
    <subfield code="c">INEGI</subfield>
    <subfield code="d">33724000886420</subfield>
    <subfield code="e">INEGI</subfield>
    <subfield code="f">v.28</subfield>
    <subfield code="h">103449</subfield>
    <subfield code="i">98223</subfield>
    <subfield code="s">b</subfield>
  </datafield>
  <datafield tag="949" ind1=" " ind2=" ">
    <subfield code="a">338.972 I59 2001 Gro.</subfield>
    <subfield code="b">BC</subfield>
    <subfield code="c">INEGI</subfield>
    <subfield code="d">33724000886438</subfield>
    <subfield code="e">INEGI</subfield>
    <subfield code="f">v.29</subfield>
    <subfield code="h">103450</subfield>
    <subfield code="i">98223</subfield>
    <subfield code="s">b</subfield>
  </datafield>
  <datafield tag="999" ind1=" " ind2=" ">
    <subfield code="c">86707</subfield>
    <subfield code="d">86707</subfield>
  </datafield>
  <datafield tag="952" ind1=" " ind2=" ">
    <subfield code="0">0</subfield>
    <subfield code="1">0</subfield>
    <subfield code="4">0</subfield>
    <subfield code="5">3</subfield>
    <subfield code="7">0</subfield>
    <subfield code="8">INEGI</subfield>
    <subfield code="a">BC</subfield>
    <subfield code="b">BC</subfield>
    <subfield code="d">2019-12-31</subfield>
    <subfield code="f">LIBRO</subfield>
    <subfield code="i">127</subfield>
    <subfield code="l">0</subfield>
    <subfield code="o">338.972 I59 2001 Gro.</subfield>
    <subfield code="p">33724000886156</subfield>
    <subfield code="r">2019-12-31 00:00:00</subfield>
    <subfield code="t">v.1</subfield>
    <subfield code="w">2019-12-31</subfield>
    <subfield code="y">LIBRO</subfield>
  </datafield>
  <datafield tag="952" ind1=" " ind2=" ">
    <subfield code="0">0</subfield>
    <subfield code="1">0</subfield>
    <subfield code="4">0</subfield>
    <subfield code="5">3</subfield>
    <subfield code="7">0</subfield>
    <subfield code="8">INEGI</subfield>
    <subfield code="a">BC</subfield>
    <subfield code="b">BC</subfield>
    <subfield code="d">2019-12-31</subfield>
    <subfield code="f">LIBRO</subfield>
    <subfield code="i">127</subfield>
    <subfield code="l">0</subfield>
    <subfield code="o">338.972 I59 2001 Gro.</subfield>
    <subfield code="p">33724000886164</subfield>
    <subfield code="r">2019-12-31 00:00:00</subfield>
    <subfield code="t">v.2</subfield>
    <subfield code="w">2019-12-31</subfield>
    <subfield code="y">LIBRO</subfield>
  </datafield>
  <datafield tag="952" ind1=" " ind2=" ">
    <subfield code="0">0</subfield>
    <subfield code="1">0</subfield>
    <subfield code="4">0</subfield>
    <subfield code="5">3</subfield>
    <subfield code="7">0</subfield>
    <subfield code="8">INEGI</subfield>
    <subfield code="a">BC</subfield>
    <subfield code="b">BC</subfield>
    <subfield code="d">2019-12-31</subfield>
    <subfield code="f">LIBRO</subfield>
    <subfield code="i">127</subfield>
    <subfield code="l">0</subfield>
    <subfield code="o">338.972 I59 2001 Gro.</subfield>
    <subfield code="p">33724000886172</subfield>
    <subfield code="r">2019-12-31 00:00:00</subfield>
    <subfield code="t">v.3</subfield>
    <subfield code="w">2019-12-31</subfield>
    <subfield code="y">LIBRO</subfield>
  </datafield>
  <datafield tag="952" ind1=" " ind2=" ">
    <subfield code="0">0</subfield>
    <subfield code="1">0</subfield>
    <subfield code="4">0</subfield>
    <subfield code="5">3</subfield>
    <subfield code="7">0</subfield>
    <subfield code="8">INEGI</subfield>
    <subfield code="a">BC</subfield>
    <subfield code="b">BC</subfield>
    <subfield code="d">2019-12-31</subfield>
    <subfield code="f">LIBRO</subfield>
    <subfield code="i">127</subfield>
    <subfield code="l">0</subfield>
    <subfield code="o">338.972 I59 2001 Gro.</subfield>
    <subfield code="p">33724000886180</subfield>
    <subfield code="r">2019-12-31 00:00:00</subfield>
    <subfield code="t">v.4</subfield>
    <subfield code="w">2019-12-31</subfield>
    <subfield code="y">LIBRO</subfield>
  </datafield>
  <datafield tag="952" ind1=" " ind2=" ">
    <subfield code="0">0</subfield>
    <subfield code="1">0</subfield>
    <subfield code="4">0</subfield>
    <subfield code="5">3</subfield>
    <subfield code="7">0</subfield>
    <subfield code="8">INEGI</subfield>
    <subfield code="a">BC</subfield>
    <subfield code="b">BC</subfield>
    <subfield code="d">2019-12-31</subfield>
    <subfield code="f">LIBRO</subfield>
    <subfield code="i">127</subfield>
    <subfield code="l">0</subfield>
    <subfield code="o">338.972 I59 2001 Gro.</subfield>
    <subfield code="p">33724000886198</subfield>
    <subfield code="r">2019-12-31 00:00:00</subfield>
    <subfield code="t">v.5</subfield>
    <subfield code="w">2019-12-31</subfield>
    <subfield code="y">LIBRO</subfield>
  </datafield>
  <datafield tag="952" ind1=" " ind2=" ">
    <subfield code="0">0</subfield>
    <subfield code="1">0</subfield>
    <subfield code="4">0</subfield>
    <subfield code="5">3</subfield>
    <subfield code="7">0</subfield>
    <subfield code="8">INEGI</subfield>
    <subfield code="a">BC</subfield>
    <subfield code="b">BC</subfield>
    <subfield code="d">2019-12-31</subfield>
    <subfield code="f">LIBRO</subfield>
    <subfield code="i">127</subfield>
    <subfield code="l">0</subfield>
    <subfield code="o">338.972 I59 2001 Gro.</subfield>
    <subfield code="p">33724000886206</subfield>
    <subfield code="r">2019-12-31 00:00:00</subfield>
    <subfield code="t">v.6</subfield>
    <subfield code="w">2019-12-31</subfield>
    <subfield code="y">LIBRO</subfield>
  </datafield>
  <datafield tag="952" ind1=" " ind2=" ">
    <subfield code="0">0</subfield>
    <subfield code="1">0</subfield>
    <subfield code="4">0</subfield>
    <subfield code="5">3</subfield>
    <subfield code="7">0</subfield>
    <subfield code="8">INEGI</subfield>
    <subfield code="a">BC</subfield>
    <subfield code="b">BC</subfield>
    <subfield code="d">2019-12-31</subfield>
    <subfield code="f">LIBRO</subfield>
    <subfield code="i">127</subfield>
    <subfield code="l">0</subfield>
    <subfield code="o">338.972 I59 2001 Gro.</subfield>
    <subfield code="p">33724000886214</subfield>
    <subfield code="r">2019-12-31 00:00:00</subfield>
    <subfield code="t">v.7</subfield>
    <subfield code="w">2019-12-31</subfield>
    <subfield code="y">LIBRO</subfield>
  </datafield>
  <datafield tag="952" ind1=" " ind2=" ">
    <subfield code="0">0</subfield>
    <subfield code="1">0</subfield>
    <subfield code="4">0</subfield>
    <subfield code="5">3</subfield>
    <subfield code="7">0</subfield>
    <subfield code="8">INEGI</subfield>
    <subfield code="a">BC</subfield>
    <subfield code="b">BC</subfield>
    <subfield code="d">2019-12-31</subfield>
    <subfield code="f">LIBRO</subfield>
    <subfield code="i">127</subfield>
    <subfield code="l">0</subfield>
    <subfield code="o">338.972 I59 2001 Gro.</subfield>
    <subfield code="p">33724000886222</subfield>
    <subfield code="r">2019-12-31 00:00:00</subfield>
    <subfield code="t">v.8</subfield>
    <subfield code="w">2019-12-31</subfield>
    <subfield code="y">LIBRO</subfield>
  </datafield>
  <datafield tag="952" ind1=" " ind2=" ">
    <subfield code="0">0</subfield>
    <subfield code="1">0</subfield>
    <subfield code="4">0</subfield>
    <subfield code="5">3</subfield>
    <subfield code="7">0</subfield>
    <subfield code="8">INEGI</subfield>
    <subfield code="a">BC</subfield>
    <subfield code="b">BC</subfield>
    <subfield code="d">2019-12-31</subfield>
    <subfield code="f">LIBRO</subfield>
    <subfield code="i">127</subfield>
    <subfield code="l">0</subfield>
    <subfield code="o">338.972 I59 2001 Gro.</subfield>
    <subfield code="p">33724000886230</subfield>
    <subfield code="r">2019-12-31 00:00:00</subfield>
    <subfield code="t">v.10</subfield>
    <subfield code="w">2019-12-31</subfield>
    <subfield code="y">LIBRO</subfield>
  </datafield>
  <datafield tag="952" ind1=" " ind2=" ">
    <subfield code="0">0</subfield>
    <subfield code="1">0</subfield>
    <subfield code="4">0</subfield>
    <subfield code="5">3</subfield>
    <subfield code="7">0</subfield>
    <subfield code="8">INEGI</subfield>
    <subfield code="a">BC</subfield>
    <subfield code="b">BC</subfield>
    <subfield code="d">2019-12-31</subfield>
    <subfield code="f">LIBRO</subfield>
    <subfield code="i">127</subfield>
    <subfield code="l">0</subfield>
    <subfield code="o">338.972 I59 2001 Gro.</subfield>
    <subfield code="p">33724000886248</subfield>
    <subfield code="r">2019-12-31 00:00:00</subfield>
    <subfield code="t">v.9</subfield>
    <subfield code="w">2019-12-31</subfield>
    <subfield code="y">LIBRO</subfield>
  </datafield>
  <datafield tag="952" ind1=" " ind2=" ">
    <subfield code="0">0</subfield>
    <subfield code="1">0</subfield>
    <subfield code="4">0</subfield>
    <subfield code="5">3</subfield>
    <subfield code="7">0</subfield>
    <subfield code="8">INEGI</subfield>
    <subfield code="a">BC</subfield>
    <subfield code="b">BC</subfield>
    <subfield code="d">2019-12-31</subfield>
    <subfield code="f">LIBRO</subfield>
    <subfield code="i">127</subfield>
    <subfield code="l">0</subfield>
    <subfield code="o">338.972 I59 2001 Gro.</subfield>
    <subfield code="p">33724000886255</subfield>
    <subfield code="r">2019-12-31 00:00:00</subfield>
    <subfield code="t">v.11</subfield>
    <subfield code="w">2019-12-31</subfield>
    <subfield code="y">LIBRO</subfield>
  </datafield>
  <datafield tag="952" ind1=" " ind2=" ">
    <subfield code="0">0</subfield>
    <subfield code="1">0</subfield>
    <subfield code="4">0</subfield>
    <subfield code="5">3</subfield>
    <subfield code="7">0</subfield>
    <subfield code="8">INEGI</subfield>
    <subfield code="a">BC</subfield>
    <subfield code="b">BC</subfield>
    <subfield code="d">2019-12-31</subfield>
    <subfield code="f">LIBRO</subfield>
    <subfield code="i">127</subfield>
    <subfield code="l">0</subfield>
    <subfield code="o">338.972 I59 2001 Gro.</subfield>
    <subfield code="p">33724000886263</subfield>
    <subfield code="r">2019-12-31 00:00:00</subfield>
    <subfield code="t">v.12</subfield>
    <subfield code="w">2019-12-31</subfield>
    <subfield code="y">LIBRO</subfield>
  </datafield>
  <datafield tag="952" ind1=" " ind2=" ">
    <subfield code="0">0</subfield>
    <subfield code="1">0</subfield>
    <subfield code="4">0</subfield>
    <subfield code="5">3</subfield>
    <subfield code="7">0</subfield>
    <subfield code="8">INEGI</subfield>
    <subfield code="a">BC</subfield>
    <subfield code="b">BC</subfield>
    <subfield code="d">2019-12-31</subfield>
    <subfield code="f">LIBRO</subfield>
    <subfield code="i">127</subfield>
    <subfield code="l">0</subfield>
    <subfield code="o">338.972 I59 2001 Gro.</subfield>
    <subfield code="p">33724000886271</subfield>
    <subfield code="r">2019-12-31 00:00:00</subfield>
    <subfield code="t">v.13</subfield>
    <subfield code="w">2019-12-31</subfield>
    <subfield code="y">LIBRO</subfield>
  </datafield>
  <datafield tag="952" ind1=" " ind2=" ">
    <subfield code="0">0</subfield>
    <subfield code="1">0</subfield>
    <subfield code="4">0</subfield>
    <subfield code="5">3</subfield>
    <subfield code="7">0</subfield>
    <subfield code="8">INEGI</subfield>
    <subfield code="a">BC</subfield>
    <subfield code="b">BC</subfield>
    <subfield code="d">2019-12-31</subfield>
    <subfield code="f">LIBRO</subfield>
    <subfield code="i">127</subfield>
    <subfield code="l">0</subfield>
    <subfield code="o">338.972 I59 2001 Gro.</subfield>
    <subfield code="p">33724000886289</subfield>
    <subfield code="r">2019-12-31 00:00:00</subfield>
    <subfield code="t">v.14</subfield>
    <subfield code="w">2019-12-31</subfield>
    <subfield code="y">LIBRO</subfield>
  </datafield>
  <datafield tag="952" ind1=" " ind2=" ">
    <subfield code="0">0</subfield>
    <subfield code="1">0</subfield>
    <subfield code="4">0</subfield>
    <subfield code="5">3</subfield>
    <subfield code="7">0</subfield>
    <subfield code="8">INEGI</subfield>
    <subfield code="a">BC</subfield>
    <subfield code="b">BC</subfield>
    <subfield code="d">2019-12-31</subfield>
    <subfield code="f">LIBRO</subfield>
    <subfield code="i">127</subfield>
    <subfield code="l">0</subfield>
    <subfield code="o">338.972 I59 2001 Gro.</subfield>
    <subfield code="p">33724000886297</subfield>
    <subfield code="r">2019-12-31 00:00:00</subfield>
    <subfield code="t">v.15</subfield>
    <subfield code="w">2019-12-31</subfield>
    <subfield code="y">LIBRO</subfield>
  </datafield>
  <datafield tag="952" ind1=" " ind2=" ">
    <subfield code="0">0</subfield>
    <subfield code="1">0</subfield>
    <subfield code="4">0</subfield>
    <subfield code="5">3</subfield>
    <subfield code="7">0</subfield>
    <subfield code="8">INEGI</subfield>
    <subfield code="a">BC</subfield>
    <subfield code="b">BC</subfield>
    <subfield code="d">2019-12-31</subfield>
    <subfield code="f">LIBRO</subfield>
    <subfield code="i">127</subfield>
    <subfield code="l">0</subfield>
    <subfield code="o">338.972 I59 2001 Gro.</subfield>
    <subfield code="p">33724000886305</subfield>
    <subfield code="r">2019-12-31 00:00:00</subfield>
    <subfield code="t">v.16</subfield>
    <subfield code="w">2019-12-31</subfield>
    <subfield code="y">LIBRO</subfield>
  </datafield>
  <datafield tag="952" ind1=" " ind2=" ">
    <subfield code="0">0</subfield>
    <subfield code="1">0</subfield>
    <subfield code="4">0</subfield>
    <subfield code="5">3</subfield>
    <subfield code="7">0</subfield>
    <subfield code="8">INEGI</subfield>
    <subfield code="a">BC</subfield>
    <subfield code="b">BC</subfield>
    <subfield code="d">2019-12-31</subfield>
    <subfield code="f">LIBRO</subfield>
    <subfield code="i">127</subfield>
    <subfield code="l">0</subfield>
    <subfield code="o">338.972 I59 2001 Gro.</subfield>
    <subfield code="p">33724000886313</subfield>
    <subfield code="r">2019-12-31 00:00:00</subfield>
    <subfield code="t">v.17</subfield>
    <subfield code="w">2019-12-31</subfield>
    <subfield code="y">LIBRO</subfield>
  </datafield>
  <datafield tag="952" ind1=" " ind2=" ">
    <subfield code="0">0</subfield>
    <subfield code="1">0</subfield>
    <subfield code="4">0</subfield>
    <subfield code="5">3</subfield>
    <subfield code="7">0</subfield>
    <subfield code="8">INEGI</subfield>
    <subfield code="a">BC</subfield>
    <subfield code="b">BC</subfield>
    <subfield code="d">2019-12-31</subfield>
    <subfield code="f">LIBRO</subfield>
    <subfield code="i">127</subfield>
    <subfield code="l">0</subfield>
    <subfield code="o">338.972 I59 2001 Gro.</subfield>
    <subfield code="p">33724000886321</subfield>
    <subfield code="r">2019-12-31 00:00:00</subfield>
    <subfield code="t">v.18</subfield>
    <subfield code="w">2019-12-31</subfield>
    <subfield code="y">LIBRO</subfield>
  </datafield>
  <datafield tag="952" ind1=" " ind2=" ">
    <subfield code="0">0</subfield>
    <subfield code="1">0</subfield>
    <subfield code="4">0</subfield>
    <subfield code="5">3</subfield>
    <subfield code="7">0</subfield>
    <subfield code="8">INEGI</subfield>
    <subfield code="a">BC</subfield>
    <subfield code="b">BC</subfield>
    <subfield code="d">2019-12-31</subfield>
    <subfield code="f">LIBRO</subfield>
    <subfield code="i">127</subfield>
    <subfield code="l">0</subfield>
    <subfield code="o">338.972 I59 2001 Gro.</subfield>
    <subfield code="p">33724000886339</subfield>
    <subfield code="r">2019-12-31 00:00:00</subfield>
    <subfield code="t">v.19</subfield>
    <subfield code="w">2019-12-31</subfield>
    <subfield code="y">LIBRO</subfield>
  </datafield>
  <datafield tag="952" ind1=" " ind2=" ">
    <subfield code="0">0</subfield>
    <subfield code="1">0</subfield>
    <subfield code="4">0</subfield>
    <subfield code="5">3</subfield>
    <subfield code="7">0</subfield>
    <subfield code="8">INEGI</subfield>
    <subfield code="a">BC</subfield>
    <subfield code="b">BC</subfield>
    <subfield code="d">2019-12-31</subfield>
    <subfield code="f">LIBRO</subfield>
    <subfield code="i">127</subfield>
    <subfield code="l">0</subfield>
    <subfield code="o">338.972 I59 2001 Gro.</subfield>
    <subfield code="p">33724000886347</subfield>
    <subfield code="r">2019-12-31 00:00:00</subfield>
    <subfield code="t">v.20</subfield>
    <subfield code="w">2019-12-31</subfield>
    <subfield code="y">LIBRO</subfield>
  </datafield>
  <datafield tag="952" ind1=" " ind2=" ">
    <subfield code="0">0</subfield>
    <subfield code="1">0</subfield>
    <subfield code="4">0</subfield>
    <subfield code="5">3</subfield>
    <subfield code="7">0</subfield>
    <subfield code="8">INEGI</subfield>
    <subfield code="a">BC</subfield>
    <subfield code="b">BC</subfield>
    <subfield code="d">2019-12-31</subfield>
    <subfield code="f">LIBRO</subfield>
    <subfield code="i">127</subfield>
    <subfield code="l">0</subfield>
    <subfield code="o">338.972 I59 2001 Gro.</subfield>
    <subfield code="p">33724000886354</subfield>
    <subfield code="r">2019-12-31 00:00:00</subfield>
    <subfield code="t">v.21</subfield>
    <subfield code="w">2019-12-31</subfield>
    <subfield code="y">LIBRO</subfield>
  </datafield>
  <datafield tag="952" ind1=" " ind2=" ">
    <subfield code="0">0</subfield>
    <subfield code="1">0</subfield>
    <subfield code="4">0</subfield>
    <subfield code="5">3</subfield>
    <subfield code="7">0</subfield>
    <subfield code="8">INEGI</subfield>
    <subfield code="a">BC</subfield>
    <subfield code="b">BC</subfield>
    <subfield code="d">2019-12-31</subfield>
    <subfield code="f">LIBRO</subfield>
    <subfield code="i">127</subfield>
    <subfield code="l">0</subfield>
    <subfield code="o">338.972 I59 2001 Gro.</subfield>
    <subfield code="p">33724000886362</subfield>
    <subfield code="r">2019-12-31 00:00:00</subfield>
    <subfield code="t">v.22</subfield>
    <subfield code="w">2019-12-31</subfield>
    <subfield code="y">LIBRO</subfield>
  </datafield>
  <datafield tag="952" ind1=" " ind2=" ">
    <subfield code="0">0</subfield>
    <subfield code="1">0</subfield>
    <subfield code="4">0</subfield>
    <subfield code="5">3</subfield>
    <subfield code="7">0</subfield>
    <subfield code="8">INEGI</subfield>
    <subfield code="a">BC</subfield>
    <subfield code="b">BC</subfield>
    <subfield code="d">2019-12-31</subfield>
    <subfield code="f">LIBRO</subfield>
    <subfield code="i">127</subfield>
    <subfield code="l">0</subfield>
    <subfield code="o">338.972 I59 2001 Gro.</subfield>
    <subfield code="p">33724000886370</subfield>
    <subfield code="r">2019-12-31 00:00:00</subfield>
    <subfield code="t">v.23</subfield>
    <subfield code="w">2019-12-31</subfield>
    <subfield code="y">LIBRO</subfield>
  </datafield>
  <datafield tag="952" ind1=" " ind2=" ">
    <subfield code="0">0</subfield>
    <subfield code="1">0</subfield>
    <subfield code="4">0</subfield>
    <subfield code="5">3</subfield>
    <subfield code="7">0</subfield>
    <subfield code="8">INEGI</subfield>
    <subfield code="a">BC</subfield>
    <subfield code="b">BC</subfield>
    <subfield code="d">2019-12-31</subfield>
    <subfield code="f">LIBRO</subfield>
    <subfield code="i">127</subfield>
    <subfield code="l">0</subfield>
    <subfield code="o">338.972 I59 2001 Gro.</subfield>
    <subfield code="p">33724000886388</subfield>
    <subfield code="r">2019-12-31 00:00:00</subfield>
    <subfield code="t">v.24</subfield>
    <subfield code="w">2019-12-31</subfield>
    <subfield code="y">LIBRO</subfield>
  </datafield>
  <datafield tag="952" ind1=" " ind2=" ">
    <subfield code="0">0</subfield>
    <subfield code="1">0</subfield>
    <subfield code="4">0</subfield>
    <subfield code="5">3</subfield>
    <subfield code="7">0</subfield>
    <subfield code="8">INEGI</subfield>
    <subfield code="a">BC</subfield>
    <subfield code="b">BC</subfield>
    <subfield code="d">2019-12-31</subfield>
    <subfield code="f">LIBRO</subfield>
    <subfield code="i">127</subfield>
    <subfield code="l">0</subfield>
    <subfield code="o">338.972 I59 2001 Gro.</subfield>
    <subfield code="p">33724000886396</subfield>
    <subfield code="r">2019-12-31 00:00:00</subfield>
    <subfield code="t">v.25</subfield>
    <subfield code="w">2019-12-31</subfield>
    <subfield code="y">LIBRO</subfield>
  </datafield>
  <datafield tag="952" ind1=" " ind2=" ">
    <subfield code="0">0</subfield>
    <subfield code="1">0</subfield>
    <subfield code="4">0</subfield>
    <subfield code="5">3</subfield>
    <subfield code="7">0</subfield>
    <subfield code="8">INEGI</subfield>
    <subfield code="a">BC</subfield>
    <subfield code="b">BC</subfield>
    <subfield code="d">2019-12-31</subfield>
    <subfield code="f">LIBRO</subfield>
    <subfield code="i">127</subfield>
    <subfield code="l">0</subfield>
    <subfield code="o">338.972 I59 2001 Gro.</subfield>
    <subfield code="p">33724000886404</subfield>
    <subfield code="r">2019-12-31 00:00:00</subfield>
    <subfield code="t">v.26</subfield>
    <subfield code="w">2019-12-31</subfield>
    <subfield code="y">LIBRO</subfield>
  </datafield>
  <datafield tag="952" ind1=" " ind2=" ">
    <subfield code="0">0</subfield>
    <subfield code="1">0</subfield>
    <subfield code="4">0</subfield>
    <subfield code="5">3</subfield>
    <subfield code="7">0</subfield>
    <subfield code="8">INEGI</subfield>
    <subfield code="a">BC</subfield>
    <subfield code="b">BC</subfield>
    <subfield code="d">2019-12-31</subfield>
    <subfield code="f">LIBRO</subfield>
    <subfield code="i">127</subfield>
    <subfield code="l">0</subfield>
    <subfield code="o">338.972 I59 2001 Gro.</subfield>
    <subfield code="p">33724000886412</subfield>
    <subfield code="r">2019-12-31 00:00:00</subfield>
    <subfield code="t">v.27</subfield>
    <subfield code="w">2019-12-31</subfield>
    <subfield code="y">LIBRO</subfield>
  </datafield>
  <datafield tag="952" ind1=" " ind2=" ">
    <subfield code="0">0</subfield>
    <subfield code="1">0</subfield>
    <subfield code="4">0</subfield>
    <subfield code="5">3</subfield>
    <subfield code="7">0</subfield>
    <subfield code="8">INEGI</subfield>
    <subfield code="a">BC</subfield>
    <subfield code="b">BC</subfield>
    <subfield code="d">2019-12-31</subfield>
    <subfield code="f">LIBRO</subfield>
    <subfield code="i">127</subfield>
    <subfield code="l">0</subfield>
    <subfield code="o">338.972 I59 2001 Gro.</subfield>
    <subfield code="p">33724000886420</subfield>
    <subfield code="r">2019-12-31 00:00:00</subfield>
    <subfield code="t">v.28</subfield>
    <subfield code="w">2019-12-31</subfield>
    <subfield code="y">LIBRO</subfield>
  </datafield>
  <datafield tag="952" ind1=" " ind2=" ">
    <subfield code="0">0</subfield>
    <subfield code="1">0</subfield>
    <subfield code="4">0</subfield>
    <subfield code="5">3</subfield>
    <subfield code="7">0</subfield>
    <subfield code="8">INEGI</subfield>
    <subfield code="a">BC</subfield>
    <subfield code="b">BC</subfield>
    <subfield code="d">2019-12-31</subfield>
    <subfield code="f">LIBRO</subfield>
    <subfield code="i">127</subfield>
    <subfield code="l">0</subfield>
    <subfield code="o">338.972 I59 2001 Gro.</subfield>
    <subfield code="p">33724000886438</subfield>
    <subfield code="r">2019-12-31 00:00:00</subfield>
    <subfield code="t">v.29</subfield>
    <subfield code="w">2019-12-31</subfield>
    <subfield code="y">LIBRO</subfield>
  </datafield>
</record>
